[Event "2nd Science Park Open A"]
[Site "Amsterdam NED"]
[Date "2012.07.14"]
[Round "1"]
[White "Diaz Herrero, Alvaro"]
[Black "Wiersma, Eelke"]
[Result "0-1"]
[BlackTitle "IM"]
[WhiteElo "2137"]
[BlackElo "2375"]
[WhiteFideId "22201572"]
[BlackFideId "1002864"]
[EventDate "2012.07.14"]

1. e4 c5 2. Nf3 Nc6 3. d4 cxd4 4. Nxd4 Nf6 5. Nc3 e6 6. Nxc6 bxc6 7. e5 Nd5 8.
Ne4 Qc7 9. f4 Qb6 10. c4 Ne3 11. Qd3 Nf5 12. g4 Nd4 13. Kd1 c5 14. h4 Bb7 15.
Rh2 d6 16. exd6 Bxd6 17. Be3 O-O-O 18. Rd2 Be7 19. b4 Qxb4 20. Rb1 Qa4+ 21. Kc1
Nf3 22. Rdb2 Bxe4 23. Rb8+ Kc7 0-1

[Event "2nd Science Park Open A"]
[Site "Amsterdam NED"]
[Date "2012.07.14"]
[Round "1"]
[White "Schoorl, Rob"]
[Black "Stork, Ornett"]
[Result "1-0"]
[WhiteTitle "FM"]
[WhiteElo "2362"]
[BlackElo "2136"]
[WhiteFideId "1009508"]
[BlackFideId "1010719"]
[EventDate "2012.07.14"]

1. e4 Nc6 2. d4 e5 3. dxe5 Nxe5 4. Nf3 Bb4+ 5. c3 Nxf3+ 6. Qxf3 Bc5 7. Bd3 Ne7
8. O-O O-O 9. Nd2 Ng6 10. Qg3 d6 11. Nb3 Bb6 12. Be3 Qh4 13. Qxh4 Nxh4 14. Bxb6
axb6 15. Nd4 Bd7 16. f4 Ng6 17. a3 Rfe8 18. Rae1 Ra5 19. c4 Ne7 20. Kf2 Raa8 21.
h3 c5 22. Ne2 b5 23. cxb5 d5 24. exd5 Nxd5 25. Rc1 b6 26. Rfd1 Nf6 27. Nc3 Be6
28. Be2 Bb3 29. Rd6 Rad8 30. Rxd8 Rxd8 31. Ke1 h6 32. Bd1 Be6 33. Bc2 Nd5 34. f5
Nxc3 35. fxe6 Nxb5 36. Ba4 Nc7 37. e7 Rd6 38. Rc2 Re6+ 39. Re2 1-0

[Event "2nd Science Park Open A"]
[Site "Amsterdam NED"]
[Date "2012.07.14"]
[Round "1"]
[White "Van Assendelft, Floris"]
[Black "Jacobs, Florian"]
[Result "1-0"]
[WhiteTitle "FM"]
[WhiteElo "2348"]
[BlackElo "2130"]
[WhiteFideId "1010271"]
[BlackFideId "1018329"]
[EventDate "2012.07.14"]

1. e4 c5 2. Nf3 d6 3. c3 Nf6 4. Be2 g6 5. O-O Bg7 6. Bb5+ Bd7 7. Bxd7+ Qxd7 8.
Re1 O-O 9. d4 cxd4 10. cxd4 d5 11. e5 Ne4 12. Nc3 Nxc3 13. bxc3 Nc6 14. h4 h6
15. e6 Qd6 16. Qd3 f5 17. g3 Kh7 18. Bf4 Qa3 19. Rab1 Rac8 20. Rb3 Qa6 21. Qxa6
bxa6 22. Ne5 Bxe5 23. Bxe5 Nd8 24. Ra3 Rc6 25. Rb1 Rxe6 26. Ra5 Nf7 27. Rxd5 Rc8
28. Rb3 Nxe5 29. Rxe5 Rxe5 30. dxe5 Kg8 31. f4 Kf7 32. Kf2 Ke6 33. Ke3 Rc4 34.
Ra3 Rc6 35. Kd4 Kd7 36. c4 Rb6 37. Kc5 Rc6+ 38. Kd5 e6+ 39. Kd4 Rb6 40. Ra4 Kc7
41. c5 Rc6 42. Kc4 h5 43. Ra3 Kb7 44. Rd3 Kc7 45. Rd6 a5 46. a4 a6 47. Kd4 Kb7
48. Rd7+ Rc7 49. c6+ Kxc6 50. Rxc7+ 1-0

[Event "2nd Science Park Open A"]
[Site "Amsterdam NED"]
[Date "2012.07.14"]
[Round "1"]
[White "Schneider, Veronika"]
[Black "Lee, Kai Jie Edward"]
[Result "1-0"]
[WhiteTitle "WGM"]
[WhiteElo "2331"]
[BlackElo "2126"]
[WhiteFideId "721530"]
[BlackFideId "5802920"]
[EventDate "2012.07.14"]

1. e4 e5 2. Nf3 Nf6 3. Nxe5 d6 4. Nd3 Nxe4 5. Nc3 Nf6 6. Nf4 d5 7. d4 c6 8. Bd3
Bd6 9. O-O O-O 10. h3 Re8 11. Qf3 Nbd7 12. Nfe2 Nf8 13. Bg5 Be7 14. Rad1 Ne6 15.
Be3 b5 16. a3 a5 17. Ra1 Qd7 18. Ng3 Ba6 19. Nf5 Red8 20. Rfe1 Bf8 21. g4 Ne8
22. Ne2 Bb7 23. c3 c5 24. Nf4 c4 25. Bc2 Ng5 26. Qg2 Ne4 27. f3 N4d6 28. Bd2 Qc7
29. Re5 Nc8 30. Rae1 g6 31. Rxe8 gxf5 32. gxf5+ Kh8 33. f6 1-0

[Event "2nd Science Park Open A"]
[Site "Amsterdam NED"]
[Date "2012.07.14"]
[Round "1"]
[White "De Rover, Yong Hoon"]
[Black "Schoehuijs, Erik"]
[Result "1-0"]
[WhiteElo "2287"]
[BlackElo "2120"]
[WhiteFideId "1010298"]
[BlackFideId "1004425"]
[EventDate "2012.07.14"]

1. e4 e5 2. Nf3 Nc6 3. Bb5 d6 4. d4 Bd7 5. O-O exd4 6. Nxd4 Nf6 7. Nc3 Be7 8. b3
Nxd4 9. Qxd4 Bxb5 10. Nxb5 Nd7 11. Qc4 c6 12. Nd4 O-O 13. Bd2 Bf6 14. Rad1 d5
15. exd5 Nb6 16. Qd3 Qxd5 17. Be3 Rad8 18. c4 Qa5 19. Qc2 g6 20. Ne2 Nc8 21. Ng3
Bg7 22. Ne4 Qf5 23. f3 b6 24. Qf2 Qe5 25. Qh4 Rxd1 26. Rxd1 f5 27. Bd4 Qe8 28.
Bxg7 Kxg7 29. Ng5 h6 30. Re1 1-0

[Event "2nd Science Park Open A"]
[Site "Amsterdam NED"]
[Date "2012.07.14"]
[Round "1"]
[White "Dehmel, Jens"]
[Black "Visser, Henk Jan"]
[Result "0-1"]
[WhiteElo "2094"]
[BlackElo "2246"]
[WhiteFideId "4676548"]
[BlackFideId "1010204"]
[EventDate "2012.07.14"]

1. d4 d5 2. c4 c6 3. Nf3 Nf6 4. Nc3 a6 5. cxd5 cxd5 6. Bf4 Nc6 7. Rc1 Bf5 8. e3
Rc8 9. Bd3 Bxd3 10. Qxd3 e6 11. O-O Be7 12. Na4 Nd7 13. a3 g5 14. Be5 f6 15. Bg3
f5 16. Nc5 Nxc5 17. dxc5 O-O 18. b4 f4 0-1

[Event "2nd Science Park Open A"]
[Site "Amsterdam NED"]
[Date "2012.07.14"]
[Round "1"]
[White "Padurariu, Ioana-Smaranda"]
[Black "Straat, Evert-Jan"]
[Result "1-0"]
[WhiteTitle "WIM"]
[WhiteElo "2245"]
[BlackElo "2091"]
[WhiteFideId "1210947"]
[BlackFideId "1001418"]
[EventDate "2012.07.14"]

1. e4 e6 2. d4 d5 3. Nc3 Nf6 4. e5 Nfd7 5. f4 c5 6. Nf3 Nc6 7. Be3 a6 8. Qd2 b5
9. dxc5 Bxc5 10. Bxc5 Nxc5 11. Bd3 Qb6 12. Qf2 b4 13. Ne2 a5 14. O-O Ba6 15. f5
Nd7 16. Qxb6 Nxb6 17. fxe6 fxe6 18. Ng5 Bxd3 19. cxd3 Nxe5 20. Nxe6 Kd7 21. Nc5+
Kd6 22. d4 Ned7 23. Rac1 Nf6 24. Ng3 Ke7 25. Nf5+ Kf7 26. Rce1 Ra7 27. Ne6 Rg8
28. Rf3 h6 29. Nf4 Rd7 30. Nd3 Rc7 31. Ne5+ Kf8 32. Nxh6 Rh8 33. Ng6# 1-0

[Event "2nd Science Park Open A"]
[Site "Amsterdam NED"]
[Date "2012.07.14"]
[Round "1"]
[White "Schroer, Marcel"]
[Black "Kuling, Lody"]
[Result "1-0"]
[WhiteElo "2088"]
[BlackElo "2244"]
[WhiteFideId "1012908"]
[BlackFideId "1019686"]
[EventDate "2012.07.14"]

1. Nf3 Nf6 2. c4 c5 3. g3 g6 4. Bg2 Bg7 5. O-O Nc6 6. Nc3 O-O 7. d4 cxd4 8. Nxd4
Nxd4 9. Qxd4 d6 10. Qd3 Bf5 11. e4 Be6 12. b3 Nd7 13. Bd2 Rc8 14. Rac1 Ne5 15.
Qe2 Nc6 16. Nd5 a6 17. Rfe1 Re8 18. Be3 Bd4 19. Rcd1 Bxe3 20. Qxe3 Bxd5 21. exd5
Ne5 22. Bh3 Nd7 23. Rd4 Rc7 24. Bxd7 Rxd7 25. Qh6 e5 26. dxe6 Rxe6 27. Red1 Qe7
28. Qf4 Re5 29. Rd5 Re4 30. Qf3 Re1+ 31. Rxe1 Qxe1+ 32. Kg2 Qe7 33. Qd3 b6 34.
Qd4 Qd8 35. h4 h5 36. b4 Qc8 37. a4 Qc6 38. Kh2 Qxa4 39. Qxb6 Qa2 40. Qd4 Qb3
41. b5 axb5 42. Rxb5 1-0

[Event "2nd Science Park Open A"]
[Site "Amsterdam NED"]
[Date "2012.07.14"]
[Round "1"]
[White "Vroombout, Enrico"]
[Black "Losekoot, Pascal"]
[Result "1/2-1/2"]
[WhiteElo "2241"]
[BlackElo "2084"]
[WhiteFideId "1008730"]
[BlackFideId "1012410"]
[EventDate "2012.07.14"]

1. e4 c5 2. Nf3 e6 3. d4 cxd4 4. Nxd4 Nf6 5. Nc3 d6 6. Be2 a6 7. O-O Be7 8. f4
O-O 9. Be3 Nc6 10. Bf3 Qc7 11. Kh1 Re8 12. a4 Rb8 13. Nb3 b6 14. Qe2 Na5 15. Nd4
Bb7 16. Qf2 Nc4 17. Bc1 Bf8 18. b3 Na5 19. Bb2 Nd7 20. Rae1 1/2-1/2

[Event "2nd Science Park Open A"]
[Site "Amsterdam NED"]
[Date "2012.07.14"]
[Round "1"]
[White "Henseler, Jorgen"]
[Black "Prieto Aranguren, Alain"]
[Result "0-1"]
[WhiteElo "2075"]
[BlackElo "2232"]
[WhiteFideId "1023233"]
[BlackFideId "2268906"]
[EventDate "2012.07.14"]

1. e4 c6 2. d4 d5 3. e5 Bf5 4. Nc3 h5 5. Be2 h4 6. h3 e6 7. Nf3 Be7 8. Be3 Bg6
9. Qd2 Nh6 10. O-O-O Nf5 11. Kb1 Nd7 12. Bd3 b5 13. g4 hxg3 14. fxg3 Nb6 15. g4
Nc4 16. Bxc4 Nxe3 17. Qxe3 bxc4 18. Qf2 Rb8 19. Ka1 Qa5 20. Qd2 Bb4 21. Ng1 Bxc3
22. Qxc3 Qxc3 23. bxc3 Bxc2 24. Rc1 Be4 25. Rh2 Rb5 26. Rb2 O-O 27. Rxb5 cxb5
28. Rf1 a5 29. a3 Rb8 30. Rf2 b4 31. Rb2 b3 32. Rf2 f6 33. exf6 gxf6 34. Kb2 Kg7
35. Ne2 e5 36. h4 Re8 37. Ng3 Bg6 38. Ne2 exd4 39. Nxd4 Re1 40. Nf5+ Bxf5 41.
Rxf5 Re2+ 42. Kb1 d4 43. cxd4 c3 44. Rf1 Ra2 0-1

[Event "2nd Science Park Open A"]
[Site "Amsterdam NED"]
[Date "2012.07.14"]
[Round "1"]
[White "Kohler, Aran"]
[Black "Hendriks, Theo"]
[Result "1-0"]
[WhiteTitle "FM"]
[WhiteElo "2229"]
[BlackElo "2067"]
[WhiteFideId "1002856"]
[BlackFideId "1015915"]
[EventDate "2012.07.14"]

1. d4 Nf6 2. c4 g6 3. Nc3 Bg7 4. e4 d6 5. Be2 O-O 6. Bg5 c6 7. Qd2 a6 8. h4 b5
9. a3 bxc4 10. h5 c5 11. dxc5 Bb7 12. hxg6 Nxe4 13. gxf7+ Rxf7 14. Nxe4 Bxe4 15.
Bxc4 d5 16. f3 Qc7 17. Bxd5 Bxd5 18. Qxd5 Nc6 19. Ne2 Bxb2 20. Rb1 Rd8 21. Qa2
Qa5+ 22. Kf1 Bg7 23. Qc2 Qxa3 24. Qxh7+ Kf8 25. Bh6 Rxf3+ 26. gxf3 Qxf3+ 27. Kg1
Qxe2 28. Bxg7+ Ke8 29. Qh5+ 1-0

[Event "2nd Science Park Open A"]
[Site "Amsterdam NED"]
[Date "2012.07.14"]
[Round "1"]
[White "Gravemaker, Wim Laurens"]
[Black "De Saegher, Chris"]
[Result "1/2-1/2"]
[WhiteElo "2066"]
[BlackElo "2208"]
[WhiteFideId "1036149"]
[BlackFideId "1004433"]
[EventDate "2012.07.14"]

1. e4 c6 2. d4 d5 3. exd5 cxd5 4. c4 Nf6 5. Nc3 Nc6 6. Nf3 Bg4 7. cxd5 Nxd5 8.
Qb3 Bxf3 9. gxf3 e6 10. Qxb7 Nxd4 11. Bb5+ Nxb5 12. Qc6+ Ke7 13. Qxb5 Qd7 14.
Nxd5+ Qxd5 15. Qxd5 exd5 16. Be3 Ke6 17. O-O-O Rc8+ 18. Kb1 Bc5 19. Rhe1 Bxe3
20. Rxe3+ Kd6 21. Ra3 1/2-1/2

[Event "2nd Science Park Open A"]
[Site "Amsterdam NED"]
[Date "2012.07.14"]
[Round "1"]
[White "Brink, Barry"]
[Black "Weber, Meikel"]
[Result "0-1"]
[WhiteElo "2195"]
[BlackElo "2045"]
[WhiteFideId "1009451"]
[BlackFideId "24602957"]
[EventDate "2012.07.14"]

1. d4 d5 2. c4 c6 3. Nf3 e6 4. e3 Nf6 5. Nbd2 a6 6. Qc2 Be7 7. Bd3 b5 8. b3 Bb7
9. O-O Nbd7 10. Bb2 O-O 11. Rfd1 Rc8 12. Rac1 bxc4 13. bxc4 c5 14. e4 dxe4 15.
Nxe4 Nxe4 16. Bxe4 Bxe4 17. Qxe4 Nf6 18. Qc2 cxd4 19. Qa4 d3 20. Bd4 Qd7 21.
Qxa6 Ra8 22. Qb5 Rxa2 23. Rxd3 Qc7 24. c5 Nd5 25. Be5 Qa7 26. g3 Rc8 27. Bd4 Bf6
28. Bxf6 gxf6 29. Qb3 Rb8 30. Qd1 Rbb2 31. Rd2 Qa3 32. c6 Nc3 33. c7 Nxd1 34.
c8=Q+ Kg7 35. Rc4 Qxf3 0-1

[Event "2nd Science Park Open A"]
[Site "Amsterdam NED"]
[Date "2012.07.14"]
[Round "1"]
[White "Beerdsen, Thomas"]
[Black "Timmermans, Mark"]
[Result "1/2-1/2"]
[WhiteElo "2044"]
[BlackElo "2194"]
[WhiteFideId "1030108"]
[BlackFideId "1026399"]
[EventDate "2012.07.14"]

1. e4 e5 2. Nf3 Nc6 3. Bb5 f5 4. d3 fxe4 5. dxe4 Nf6 6. O-O d6 7. Nc3 Be7 8. h3
O-O 9. Be3 Kh8 10. Qd2 Qe8 11. Bg5 Qh5 12. Be2 h6 13. Nxe5 Qxg5 14. f4 Nxe4 15.
Nxe4 Qf5 16. Ng3 Qf6 17. Nh5 Qf5 18. g4 Qe6 19. Bc4 d5 20. Qxd5 Nxe5 21. fxe5
Qxd5 22. Rxf8+ Bxf8 23. Bxd5 Bd7 24. Re1 Bc5+ 25. Kg2 Re8 26. Nf4 g5 27. Nh5 Be6
28. Nf6 Bxd5+ 29. Nxd5 c6 30. Nf6 Re7 31. Re4 Bb6 32. e6 Kg7 33. Nh5+ Kg6 34.
Ng3 Kf6 35. Nh5+ Kg6 36. Kf3 Bg1 37. Ng3 Kf6 38. Re1 Bh2 39. Ne4+ Kg6 40. Nc5
Bd6 41. Nd7 h5 42. gxh5+ Kxh5 43. c4 b6 44. a3 Kg6 45. b4 Kf5 1/2-1/2

[Event "2nd Science Park Open A"]
[Site "Amsterdam NED"]
[Date "2012.07.14"]
[Round "1"]
[White "Efroimski, Marsel"]
[Black "Klapwijk, Bram"]
[Result "1-0"]
[WhiteTitle "WIM"]
[WhiteElo "2187"]
[BlackElo "2041"]
[WhiteFideId "2810964"]
[BlackFideId "1009133"]
[EventDate "2012.07.14"]

1. e4 e6 2. d4 d5 3. Nd2 Nf6 4. e5 Nfd7 5. Ngf3 c5 6. c3 Nc6 7. Bd3 f6 8. exf6
Nxf6 9. O-O cxd4 10. cxd4 Bd6 11. Re1 O-O 12. Nf1 Qc7 13. Bg5 Bd7 14. Rc1 h6 15.
Bh4 Bf4 16. Rc3 Qd6 17. Bg3 Rae8 18. Bg6 Re7 19. Ne5 Bxg3 20. Nxg3 Qb4 21. Rb3
Qa4 22. Bc2 Nxd4 23. Ng6 Nxc2 24. Nxe7+ Kf7 25. Qxc2 Kxe7 26. Qc5+ Kf7 27. Rxb7
Kg8 28. Rxa7 Qh4 29. h3 1-0

[Event "2nd Science Park Open A"]
[Site "Amsterdam NED"]
[Date "2012.07.15"]
[Round "2"]
[White "Richardson, Keith B"]
[Black "Van Assendelft, Floris"]
[Result "0-1"]
[BlackTitle "FM"]
[WhiteElo "2126"]
[BlackElo "2348"]
[WhiteFideId "410152"]
[BlackFideId "1010271"]
[EventDate "2012.07.14"]

1. c4 e5 2. Nc3 Nf6 3. Nf3 Nc6 4. a3 d5 5. d4 exd4 6. Nxd4 dxc4 7. Nxc6 Qxd1+ 8.
Nxd1 bxc6 9. g3 Be6 10. Bg2 Bd5 11. f3 Bc5 12. e4 Be6 13. Be3 Bb6 14. Ke2 c3 15.
Nxc3 Bc4+ 16. Kf2 O-O-O 17. Rhd1 Bb3 18. Bh3+ Kb7 19. Rxd8 Rxd8 20. Re1 Nd7 21.
Bxd7 Rxd7 22. Kg2 Rd3 23. Bf4 Bd4 24. Re2 c5 25. Rd2 c4 26. Rxd3 cxd3 27. Bd2
Kc6 28. f4 Kc5 29. Kf3 f6 30. e5 Bd5+ 0-1

[Event "2nd Science Park Open A"]
[Site "Amsterdam NED"]
[Date "2012.07.15"]
[Round "2"]
[White "Ritsema, Ronald"]
[Black "Schneider, Veronika"]
[Result "1-0"]
[BlackTitle "WGM"]
[WhiteElo "2054"]
[BlackElo "2331"]
[WhiteFideId "1010409"]
[BlackFideId "721530"]
[EventDate "2012.07.14"]

1. d4 Nf6 2. c4 g6 3. Nf3 Bg7 4. g3 d5 5. cxd5 Nxd5 6. Bg2 Nb6 7. Nc3 Nc6 8. e3
O-O 9. O-O e5 10. d5 Ne7 11. e4 Nc4 12. b3 Nd6 13. Ba3 Bd7 14. Rc1 a5 15. Re1
Nec8 16. Qd2 Re8 17. Bb2 a4 18. Nxa4 Bxa4 19. bxa4 Rxa4 20. Ba1 Nb6 21. Qc2 Re7
22. Re2 Qa8 23. Ne1 Bh6 24. f4 Rc4 25. Qb1 Qa3 26. Rxc4 Nbxc4 27. fxe5 Nxe5 28.
Kh1 Bg7 29. Bd4 b6 30. Qc2 Ndc4 31. Qc3 Qxc3 32. Bxc3 Re8 33. Bd4 Nd7 34. Bxg7
Kxg7 35. Rc2 Nde5 36. Nf3 Re7 37. Nd4 Ne3 38. Rc3 Kf6 39. Rxe3 1-0

[Event "2nd Science Park Open A"]
[Site "Amsterdam NED"]
[Date "2012.07.15"]
[Round "2"]
[White "Weber, Meikel"]
[Black "Afek, Yochanan"]
[Result "0-1"]
[BlackTitle "IM"]
[WhiteElo "2045"]
[BlackElo "2293"]
[WhiteFideId "24602957"]
[BlackFideId "2800462"]
[EventDate "2012.07.14"]

1. e4 c5 2. Nf3 Nc6 3. d4 cxd4 4. Nxd4 g6 5. Nc3 Bg7 6. Be3 Nf6 7. Bc4 O-O 8. f3
Qb6 9. Qd2 Nxe4 10. fxe4 Bxd4 11. Bxd4 Qxd4 12. Qe2 d6 13. Rd1 Qc5 14. Rd5 Qb6
15. Rb5 Nd4 16. Rxb6 Nxe2 17. Rb3 Nd4 0-1

[Event "2nd Science Park Open A"]
[Site "Amsterdam NED"]
[Date "2012.07.15"]
[Round "2"]
[White "Losekoot, Pascal"]
[Black "Van Oosterom, Chiel"]
[Result "0-1"]
[BlackTitle "IM"]
[WhiteElo "2084"]
[BlackElo "2385"]
[WhiteFideId "1012410"]
[BlackFideId "1013076"]
[EventDate "2012.07.14"]

1. e4 c5 2. Nf3 d6 3. d4 cxd4 4. Qxd4 a6 5. c4 Nc6 6. Qe3 g6 7. h3 Bg7 8. Be2
Nf6 9. O-O O-O 10. Nc3 Nd7 11. Rb1 Qa5 12. Bd2 Qc5 13. Nd5 e6 14. b4 Qxe3 15.
Nxe3 Rd8 16. Nc2 Nf6 17. Bg5 h6 18. Bxf6 Bxf6 19. Rfd1 Kf8 20. a3 Ke7 21. Rb3
Bd7 22. Rbd3 Be8 23. Ne3 Rac8 24. R3d2 Bc3 25. Rd3 Bg7 26. R3d2 Nb8 27. Rc1 Nd7
28. Rcd1 Nb6 29. c5 dxc5 30. Rxd8 Rxd8 31. bxc5 Na4 32. Rxd8 Kxd8 33. Nc4 Nxc5
34. Nd6 Bb2 35. a4 Ke7 36. e5 Bxa4 37. Nc8+ Kf8 38. Nb6 Bc6 39. Nc4 Bc3 0-1

[Event "2nd Science Park Open A"]
[Site "Amsterdam NED"]
[Date "2012.07.15"]
[Round "2"]
[White "Gullaksen, Eirik"]
[Black "Theulings, Paul-Peter"]
[Result "1-0"]
[WhiteTitle "IM"]
[BlackTitle "CM"]
[WhiteElo "2382"]
[BlackElo "2126"]
[WhiteFideId "1500945"]
[BlackFideId "1002899"]
[EventDate "2012.07.14"]

1. d4 Nf6 2. c4 e6 3. Nf3 b6 4. g3 Bb7 5. Bg2 Be7 6. O-O d5 7. cxd5 exd5 8. Nc3
O-O 9. Bf4 Na6 10. Rc1 c5 11. Ne5 Ne4 12. dxc5 Nxc3 13. Rxc3 Nxc5 14. Nf3 Bf6
15. Be5 Re8 16. Bxf6 Qxf6 17. Nd4 Rad8 18. e3 Ne6 19. Nxe6 fxe6 20. Qa4 a5 21.
Rd1 Rf8 22. Rd2 Rc8 23. Rxc8 Rxc8 24. h3 Qe7 25. e4 dxe4 26. Rd7 Qe8 27. Qd4 e5
28. Qd6 e3 29. Rxb7 Rd8 30. Qc7 exf2+ 31. Kxf2 Qf8+ 32. Kg1 1-0

[Event "2nd Science Park Open A"]
[Site "Amsterdam NED"]
[Date "2012.07.15"]
[Round "2"]
[White "Bezemer, Arno"]
[Black "Markus, John Raymond"]
[Result "1-0"]
[WhiteTitle "FM"]
[WhiteElo "2346"]
[BlackElo "2147"]
[WhiteFideId "1001396"]
[BlackFideId "1001213"]
[EventDate "2012.07.14"]

1. e4 d6 2. d4 g6 3. Nf3 Bg7 4. Bc4 e6 5. O-O Ne7 6. Re1 O-O 7. Bb3 Nd7 8. c3 b6
9. Nbd2 Bb7 10. Nf1 h6 11. Ng3 Kh7 12. h4 d5 13. e5 Nf5 14. Nxf5 gxf5 15. Bc2
Rg8 16. g3 Bf8 17. Bf4 Be7 18. Kh1 c5 19. Qd2 cxd4 20. cxd4 Qf8 21. a3 Rc8 22.
Rac1 Qg7 23. Rg1 Qg4 24. Nh2 Qh3 25. Bd3 Nc5 26. Rxc5 bxc5 27. Bf1 Qxf1 28. Rxf1
cxd4 29. Bxh6 d3 30. Bg5 d4+ 31. Kg1 Bxg5 32. hxg5 Rc2 33. Qxd3 Be4 34. Qxd4
Rxg5 35. Re1 Bd5 36. Qh4+ Kg6 37. Rd1 Rc4 38. Qh8 1-0

[Event "2nd Science Park Open A"]
[Site "Amsterdam NED"]
[Date "2012.07.15"]
[Round "2"]
[White "Knol, Geon"]
[Black "Vroombout, Enrico"]
[Result "1/2-1/2"]
[WhiteElo "2156"]
[BlackElo "2241"]
[WhiteFideId "1012142"]
[BlackFideId "1008730"]
[EventDate "2012.07.14"]

1. e4 c5 2. Nc3 Nc6 3. g3 g6 4. Bg2 Bg7 5. d3 d6 6. Be3 Rb8 7. Qd2 b5 8. f4 b4
9. Nd1 Bb7 10. Nf3 Nf6 11. h3 O-O 12. O-O a5 13. g4 a4 14. a3 b3 15. c3 c4 16.
g5 Ne8 17. d4 d5 18. e5 Bc8 19. Nh4 e6 20. Nf2 h5 21. Kh2 Kh7 22. Rh1 Rh8 23.
Rae1 Bf8 24. Nd1 Ng7 25. Qe2 Ne7 26. Bc1 Ngf5 27. Nf3 Kg7 28. h4 Qa5 29. Bh3 Kh7
30. Rhg1 Bd7 31. Rg2 Qd8 32. Ne3 Nxe3 33. Qxe3 Nc6 34. Rd2 Qc7 35. Kh1 Na7 36.
Ng1 Nb5 37. Ne2 Re8 38. Bg2 Qc6 39. Qf3 Nc7 40. Kg1 Kg8 41. Rf1 Rd8 42. Ng3 Bc8
43. Qe2 Ne8 44. Bf3 Ng7 45. Qf2 Qb5 46. Re2 Qa5 47. Qe1 Qb6 48. Rff2 Qa5 49. Bg2
Qb6 50. Bh3 Nf5 51. Nxf5 exf5 52. Bg2 1/2-1/2

[Event "2nd Science Park Open A"]
[Site "Amsterdam NED"]
[Date "2012.07.15"]
[Round "2"]
[White "De Saegher, Chris"]
[Black "Beerdsen, Thomas"]
[Result "1-0"]
[WhiteElo "2208"]
[BlackElo "2044"]
[WhiteFideId "1004433"]
[BlackFideId "1030108"]
[EventDate "2012.07.14"]

1. d4 d5 2. c4 c6 3. Nf3 Nf6 4. Nc3 e6 5. g3 Nbd7 6. Bg2 Bd6 7. O-O O-O 8. Nd2
Bc7 9. e4 dxe4 10. Ndxe4 h6 11. Re1 Nxe4 12. Rxe4 Nf6 13. Re1 Qe7 14. b3 Rd8 15.
Bb2 Bb6 16. Na4 Bc7 17. Qf3 Rb8 18. Nc3 Qf8 19. Rad1 Ba5 20. a3 Bc7 21. Qe2 a6
22. Na4 Nd7 23. b4 a5 24. Bc3 Ra8 25. Qb2 axb4 26. Bxb4 Bd6 27. Qb3 Rb8 28. Nc3
c5 29. dxc5 Bxc5 30. Ne4 Bxb4 31. axb4 Ne5 32. c5 Rxd1 33. Rxd1 b6 34. Qc3 Nc6
35. Nd6 bxc5 36. bxc5 Nb4 37. Rb1 Na6 38. Rxb8 Nxb8 39. Qa5 Na6 40. Qb6 Kh7 41.
Bf1 1-0

[Event "2nd Science Park Open A"]
[Site "Amsterdam NED"]
[Date "2012.07.15"]
[Round "2"]
[White "Timmermans, Mark"]
[Black "Gravemaker, Wim Laurens"]
[Result "1-0"]
[WhiteElo "2194"]
[BlackElo "2066"]
[WhiteFideId "1026399"]
[BlackFideId "1036149"]
[EventDate "2012.07.14"]

1. e4 c6 2. d4 d5 3. e5 c5 4. dxc5 Nc6 5. Nf3 Bg4 6. Bb5 e6 7. b4 Ne7 8. Nbd2
Nf5 9. h3 Bxf3 10. Nxf3 Be7 11. Rb1 O-O 12. O-O a5 13. a3 Qc7 14. Bf4 axb4 15.
axb4 Ra2 16. c4 d4 17. Bxc6 bxc6 18. g4 Nh4 19. Nxd4 Rd8 20. Rb3 Qd7 21. Be3 f6
22. Qb1 fxe5 23. Qxa2 exd4 24. Bf4 d3 25. Rd1 Qd4 26. Rbxd3 Qxf4 27. Rxd8+ Bxd8
28. Rxd8+ Kf7 29. Qe2 Nf3+ 30. Kg2 Nh4+ 31. Kf1 Qh2 32. Rd7+ Kf8 33. Qe3 Qh1+
34. Ke2 Ng2 35. Qf3+ 1-0

[Event "2nd Science Park Open A"]
[Site "Amsterdam NED"]
[Date "2012.07.15"]
[Round "2"]
[White "Ten Hertog, Hugo"]
[Black "Stork, Ornett"]
[Result "1-0"]
[WhiteTitle "FM"]
[WhiteElo "2349"]
[BlackElo "2136"]
[WhiteFideId "1026356"]
[BlackFideId "1010719"]
[EventDate "2012.07.14"]

1. c4 Nf6 2. Nc3 g6 3. g3 Bg7 4. Bg2 d6 5. e3 O-O 6. Nge2 c5 7. O-O Nc6 8. d4
cxd4 9. Nxd4 Bd7 10. Re1 Rc8 11. b3 Qa5 12. Bb2 Qh5 13. Qxh5 Nxh5 14. Nd5 Rfe8
15. Rad1 Nxd4 16. Bxd4 Bxd4 17. exd4 Kf8 18. Bf3 Ng7 19. Nb4 Bc6 20. Nxc6 bxc6
21. b4 Rc7 22. b5 cxb5 23. cxb5 Rc2 24. Bc6 Rb8 25. a4 Ne6 26. d5 Nc5 27. a5 a6
28. Ra1 e5 29. dxe6 fxe6 30. Rec1 Rxc1+ 31. Rxc1 Rc8 32. Bb7 Rc7 33. bxa6 Nxa6
34. Rb1 Nc5 35. a6 Nxa6 36. Bxa6 Ra7 37. Rb8+ 1-0

[Event "2nd Science Park Open A"]
[Site "Amsterdam NED"]
[Date "2012.07.15"]
[Round "2"]
[White "Hopman, Pieter"]
[Black "Jacobs, Florian"]
[Result "1-0"]
[WhiteElo "2326"]
[BlackElo "2130"]
[WhiteFideId "1005669"]
[BlackFideId "1018329"]
[EventDate "2012.07.14"]

1. d4 Nf6 2. c4 c5 3. d5 e6 4. Nc3 exd5 5. cxd5 d6 6. e4 g6 7. Bd3 Bg7 8. Nge2
O-O 9. O-O Re8 10. Ng3 a6 11. a4 Nbd7 12. h3 Rb8 13. f4 Qc7 14. Qf3 c4 15. Bc2
b5 16. axb5 axb5 17. Kh1 b4 18. Nce2 Bb7 19. Be3 b3 20. Bb1 Re7 21. Nc3 Nc5 22.
Qf2 Nd3 23. Bxd3 cxd3 24. Rfd1 h5 25. Rxd3 h4 26. Nf1 Nxe4 27. Nxe4 Rxe4 28. Nd2
Ree8 29. Bd4 Ra8 30. Rxa8 Rxa8 31. Bxg7 Ra1+ 32. Kh2 Qc1 33. Qxh4 Qg1+ 34. Kg3
Qe1+ 35. Kg4 Qe2+ 36. Kg5 Kxg7 37. Qh6+ Kg8 38. Kf6 1-0